Quick Pick: NFL Positions Quiz Stats

 Plays Quiz Updated Sep 21, 2018

Score 0/10 Timer 00:15
0 Plays Today
% Correct
Quarterback
91.5%
Running Back
90.7%
Linebacker
90.7%
Tight End
88.9%
Defensive End
88.2%
Cornerback
86.5%
Full Back
85.1%
Punter
83.7%
Free Safety
80.5%
Right Guard
80%

Today's Daily Dose

Missing Word
1940s A-Z

Quick Pick
'S' Athletes

Get the Picture
Depp or Bonham Carter

You're not logged in!

Compare scores with friends on all Sporcle quizzes.
OR
Log In

Sporcle TV

Today on Sporcle TV


Watch our educational content, quiz creation guides, and fun videos on Sporcle TV.

Show Comments

Extras

Top Quizzes Today


Score Distribution

Your Account Isn't Verified!

In order to create a playlist on Sporcle, you need to verify the email address you used during registration. Go to your Sporcle Settings to finish the process.

Report this User

Report this user for behavior that violates our Community Guidelines.

Details: